Silicones and their uses

Bewaard in:
Bibliografische gegevens
Hoofdauteur: McGregor, Rob Roy (autor)
Formaat: Boek
Taal:Engels
Gepubliceerd in: Nueva York McGraw-Hill Book 1954
Onderwerpen:
Tags: Voeg label toe
Geen labels, Wees de eerste die dit record labelt!

MARC

LEADER 00000nam a2200000 a 4500
001 UCT1917
003 CL-VaPUC
008 961004e19540000US |||||||||||||||||eng|d
082 0 4 |a 668.4  |b MCG  |2 21 
100 |a McGregor, Rob Roy  |e autor  |9 370960 
245 1 0 |a Silicones and their uses 
300 |a 302 p 
942 |c BK 
945 |d 19961004 00:00:00  |a cmena 
260 |a Nueva York  |b McGraw-Hill Book  |c 1954 
650 7 |a SILICONAS  |2 CL-VaPUC  |9 366123 
650 0 |a Tecnología química   |9 263002 
650 7 |a ELASTOMEROS SINTETICOS  |2 CL-VaPUC  |9 370961 
650 7 |a RECUBRIMIENTOS NO METALICOS  |2 CL-VaPUC  |9 370962 
650 7 |a COMPUESTOS ORGANICOS DE SILICIO  |2 CL-VaPUC  |9 370963 
650 0 |a Polímeros  |9 271736 
583 |a last modification  |c 19961004 00:00:00  |k Rodrigo Vera 
999 |c 252256  |d 252254 
952 |0 0  |1 0  |4 0  |6 668_400000000000000_MCG_1954  |7 0  |8 A  |9 272020  |a BIBCUR  |b BIBCUR  |d 2019-11-19  |i 1755986  |o 668.4 MCG 1954  |p 1755986  |r 2025-04-22  |w 2019-11-19  |y BK  |k BCB